Claire Holt Filmography - Statistics

General Stats
  • This quiz has been taken 9 times
  • The average score is 3 of 15
Answer Stats
Year Role TV or Movie Title % Correct
2006-2008 Emma H2O Just Add Water
71%
2013-2018 Rebekah Mikaelson The Originals
71%
2011 Samara Cook Pretty Little Liars
57%
2011-2014 Rebekah Mikaelson The Vampire Diaries
43%
2017 Kate 47 Metres Down
14%
2011 Chasity Meyer Mean Girls 2
14%
2015-2016 Charmain Tully Aquarius
0%
2019 Abbey Campbell A Violent Separation
0%
2012 Penny Blue Like Jazz
0%
2017 kayla Doomsday
0%
2017 Girl Dustin Lynch: Small Town Boy
0%
2009 Lindsey Rollins Messengers2: The Scarecrow
0%
2019 Sasha Painted Beauty
0%
2017 Susan The Divorce Party
0%
2019 Susan The Divorce party
0%
No matching quizzes found
Score Distribution
Percent of People with Each Score
Percentile by Number Answered
Your Score History
You have not taken this quiz